[Event "GER-ch Net final U25 Girls"]
[Site "Playchess.com INT"]
[Date "2012.09.15"]
[Round "4"]
[White "Jermann, Isabel"]
[Black "Muetsch, Annmarie"]
[Result "1-0"]
[WhiteElo "1432"]
[BlackElo "1089"]
[PlyCount "93"]
[EventDate "2012.09.15"]
[EventType "swiss (blitz)"]
[EventRounds "7"]
[EventCountry "GER"]
[SourceTitle "CBM 150 Extra"]
[Source "ChessBase"]
[SourceDate "2012.10.19"]
[SourceVersion "1"]
[SourceVersionDate "2012.10.19"]
[SourceQuality "1"]

1. e4 e5 2. Nf3 Nf6 3. Nxe5 d6 4. Nf3 Nc6 5. Nc3 Bg4 6. Be2 Be7 7. h3 Bxf3 8. Bxf3 0-0 9. d4 Nb4 10. a3 Nc6 11. 0-0 Qd7 12. Bf4 Rad8 13. e5 dxe5 14. dxe5 Qxd1 15. Raxd1 Rxd1 16. Rxd1 Ne8 17. Rd7 f6 18. Bxc6 bxc6 19. Rxe7 fxe5 20. Bxe5 c5 21. Bxc7 Nxc7 22. Rxc7 Rd8 23. Rxc5 Rd1+ 24. Nxd1 a6 25. c4 Kf7 26. Rc7+ Ke6 27. Rc6+ Kd7 28. Rxa6 Kc7 29. Ra7+ Kb6 30. Rxg7 Kc5 31. Ne3 Kd4 32. b4 Kc3 33. b5 Kb3 34. b6 Kxa3 35. b7 Kb3 36. b8Q+ Kc3 37. Nd5+ Kxc4 38. Rc7+ Kxd5 39. Qd8+ Ke6 40. Re7+ Kf5 41. Qf8+ Kg6 42. Qg7+ Kf5 43. Qxh7+ Kf6 44. Qf7+ Kg5 45. Qf8 Kg6 46. Rg7+ Kh5 47. Qh8# 1-0

[Event "GER-ch Net final U25 Girls"]
[Site "Playchess.com INT"]
[Date "2012.09.15"]
[Round "7"]
[White "Osmanodja, Filiz"]
[Black "Jermann, Isabel"]
[Result "1-0"]
[WhiteElo "2036"]
[BlackElo "1480"]
[PlyCount "39"]
[EventDate "2012.09.15"]
[EventType "swiss (blitz)"]
[EventRounds "7"]
[EventCountry "GER"]
[SourceTitle "CBM 150 Extra"]
[Source "ChessBase"]
[SourceDate "2012.10.19"]
[SourceVersion "1"]
[SourceVersionDate "2012.10.19"]
[SourceQuality "1"]

1. e4 c5 2. Nf3 e6 3. d4 cxd4 4. Nxd4 Bc5 5. Nb3 Bb6 6. Nc3 Ne7 7. Bd3 0-0 8. 0-0 f5 9. Bg5 fxe4 10. Nxe4 d5 11. Nec5 e5 12. c4 d4 13. Be4 Nbc6 14. Qh5 h6 15. f4 Qd6 16. fxe5 Qxe5 17. Rxf8+ Kxf8 18. Rf1+ Bf5 19. Bxe7+ Nxe7 20. Nd7+ 1-0

[Event "GER-ch Net qual4 U18"]
[Site "Playchess.com INT"]
[Date "2012.09.12"]
[Round "5"]
[White "Jermann, Isabel"]
[Black "Schiffer, Stefan"]
[Result "1-0"]
[WhiteElo "1486"]
[BlackElo "1748"]
[PlyCount "179"]
[EventDate "2012.09.12"]
[EventType "swiss (blitz)"]
[EventRounds "7"]
[EventCountry "GER"]
[SourceTitle "CBM 150 Extra"]
[Source "ChessBase"]
[SourceDate "2012.10.19"]
[SourceVersion "1"]
[SourceVersionDate "2012.10.19"]
[SourceQuality "1"]

1. e4 c5 2. Nc3 e6 3. g3 d5 4. exd5 exd5 5. d4 Nf6 6. Bg2 Be6 7. Nge2 c4 8. Bg5 Be7 9. Bf4 0-0 10. Nb5 Na6 11. 0-0 Qd7 12. Nec3 Rfc8 13. a3 h6 14. Be5 Ng4 15. Bf4 Nf6 16. f3 Nh5 17. Be3 Nc7 18. Nxc7 Rxc7 19. g4 Nf6 20. h3 a6 21. f4 Qd6 22. f5 Bd7 23. Bf4 Qc6 24. Bxc7 Qxc7 25. Nxd5 Nxd5 26. Bxd5 Qg3+ 27. Bg2 Bc6 28. Rf2 Bh4 29. Qd2 Qxf2+ 30. Qxf2 Bxf2+ 31. Kxf2 Bxg2 32. Kxg2 Kf8 33. Re1 Rd8 34. c3 Rd5 35. Re5 Rd6 36. Kf3 b5 37. Kf4 g6 38. fxg6 fxg6 39. Ke3 Kf7 40. h4 Kf6 41. h5 gxh5 42. Rxh5 Kg6 43. Re5 Kf6 44. Rf5+ Kg6 45. Kf4 Re6 46. Re5 Rf6+ 47. Kg3 Rd6 48. g5 hxg5 49. Kg4 Kf6 50. Rxg5 Ke7 51. Kf4 Rf6+ 52. Ke4 Kd6 53. a4 bxa4 54. Ra5 Re6+ 55. Kf3 Ke7 56. Rxa4 Rc6 57. d5 Rc5 58. Ke4 Rb5 59. Rb4 Rc5 60. Kd4 Kd6 61. Rxc4 Rb5 62. Rc6+ Kd7 63. b4 a5 64. bxa5 Rxa5 65. Rc5 Ra4+ 66. c4 Ra1 67. Rb5 Rd1+ 68. Kc5 Kc7 69. Rb6 Rh1 70. d6+ Kc8 71. Kc6 Rh6 72. c5 Rf6 73. Rb7 Rh6 74. Rc7+ Kd8 75. Kb7 Rh1 76. Rc8+ Kd7 77. c6+ Kxd6 78. Rd8+ Kc5 79. c7 Rb1+ 80. Kc8 Kc6 81. Rf8 Kc5 82. Kd7 Rd1+ 83. Ke7 Re1+ 84. Kf7 Rf1+ 85. Kg6 Rg1+ 86. Kh5 Rh1+ 87. Kg4 Rg1+ 88. Kh3 Rh1+ 89. Kg2 Rf1 90. Rxf1 1-0

[Event "GER-ch Net qual2 U18"]
[Site "Playchess.com INT"]
[Date "2012.09.05"]
[Round "5"]
[White "Jermann, Isabel"]
[Black "Fischer, Maxi"]
[Result "1-0"]
[WhiteElo "1527"]
[BlackElo "1351"]
[PlyCount "93"]
[EventDate "2012.09.05"]
[EventType "swiss (blitz)"]
[EventRounds "7"]
[EventCountry "GER"]
[SourceTitle "CBM 150 Extra"]
[Source "ChessBase"]
[SourceDate "2012.10.19"]
[SourceVersion "1"]
[SourceVersionDate "2012.10.19"]
[SourceQuality "1"]

1. e4 e5 2. Nf3 Nc6 3. Bc4 Bc5 4. d4 Nxd4 5. 0-0 d6 6. Nxd4 Bxd4 7. Kh1 Nf6 8. f4 Bg4 9. Be2 Bxe2 10. Qxe2 Qd7 11. fxe5 Bxe5 12. Bg5 Bxb2 13. Bxf6 Bxf6 14. Rxf6 gxf6 15. Nc3 c6 16. Rd1 Rg8 17. Qf2 Qe6 18. Ne2 Qxe4 19. Rxd6 f5 20. Rd3 h5 21. Re3 0-0-0 22. Rxe4 fxe4 23. h3 Rg7 24. Qf5+ Rd7 25. Qxe4 Rd1+ 26. Kh2 Rd2 27. Qf5+ Rd7 28. Nf4 Rg8 29. Nxh5 Re8 30. Nf6 Ree7 31. Nxd7 Rxd7 32. h4 Kc7 33. h5 Rd8 34. h6 Rh8 35. Qe5+ Kb6 36. Qxh8 a5 37. Qd8+ Kb5 38. h7 c5 39. h8Q Ka4 40. Qb2 b5 41. Qh4+ b4 42. c3 Kb5 43. cxb4 axb4 44. a3 Ka5 45. axb4+ cxb4 46. Qhxb4+ Ka6 47. Qb6# 1-0

[Event "GER-ch Net qual2 U18"]
[Site "Playchess.com INT"]
[Date "2012.09.05"]
[Round "2"]
[White "Jermann, Isabel"]
[Black "Yankelevich, Lev"]
[Result "0-1"]
[WhiteElo "1527"]
[BlackElo "1888"]
[PlyCount "162"]
[EventDate "2012.09.05"]
[EventType "swiss (blitz)"]
[EventRounds "7"]
[EventCountry "GER"]
[SourceTitle "CBM 150 Extra"]
[Source "ChessBase"]
[SourceDate "2012.10.19"]
[SourceVersion "1"]
[SourceVersionDate "2012.10.19"]
[SourceQuality "1"]

1. e4 d5 2. exd5 Qxd5 3. Nc3 Qe5+ 4. Be2 c6 5. Nf3 Qc7 6. 0-0 Bf5 7. d4 e6 8. Nh4 Bg6 9. g3 Bd6 10. Bf3 Nf6 11. Bg2 Nbd7 12. Be3 Nb6 13. b3 Nbd5 14. Nxd5 cxd5 15. Rc1 Qa5 16. a4 0-0 17. c4 Ba3 18. Ra1 Bb2 19. Ra2 Bc3 20. cxd5 Nxd5 21. Nxg6 hxg6 22. Rc2 Bb4 23. Qd3 Bd6 24. Rfc1 Nb4 25. Qc3 Qd8 26. Re2 Rb8 27. Qd2 b6 28. d5 exd5 29. Bxd5 Nxd5 30. Qxd5 Re8 31. Bg5 Qd7 32. Rd2 Qg4 33. Rc4 Qh3 34. Be3 Bc5 35. Re2 Bxe3 36. Rxe3 Rxe3 37. fxe3 Re8 38. Qd2 Qe6 39. Rc3 Qe4 40. Kf2 g5 41. Qd4 Qf5+ 42. Kg2 g4 43. Qf4 Qd5+ 44. Kg1 Qd1+ 45. Qf1 Qd2 46. Rd3 Qb4 47. Qe2 Qc5 48. Kf2 Qf5+ 49. Kg2 g6 50. Rc3 Kg7 51. Rc4 Re6 52. e4 Qe5 53. b4 Rf6 54. a5 Rf3 55. axb6 axb6 56. Rc6 Qd4 57. b5 Re3 58. Qc2 Rd3 59. Qe2 Rd2 60. Qxd2 Qxd2+ 61. Kf1 Qd3+ 62. Ke1 Qxe4+ 63. Kd1 Qd3+ 64. Ke1 Qb1+ 65. Kd2 Qxb5 66. Rc2 Qh5 67. Kc1 Qh3 68. Kb2 Qf1 69. Kb3 Qf3+ 70. Kb2 f5 71. Kc1 g5 72. Kb2 f4 73. Rc7+ Kf6 74. Rc2 fxg3 75. hxg3 Qxg3 76. Rc6+ Kf5 77. Rxb6 Qe5+ 78. Kc2 g3 79. Rb1 g2 80. Rg1 Qe2+ 81. Kc3 Qf1 0-1

[Event "GER-ch U12"]
[Site "Willingen"]
[Date "2009.06.05"]
[Round "9"]
[White "Jermann, Isabel"]
[Black "Hirschmann, Jakob"]
[Result "0-1"]
[WhiteElo "1328"]
[BlackElo "1678"]
[PlyCount "46"]
[EventDate "2009.05.30"]
[EventType "swiss"]
[EventRounds "11"]
[EventCountry "GER"]
[SourceTitle "EXT 2010"]
[Source "ChessBase"]
[SourceDate "2010.11.25"]
[SourceVersion "1"]
[SourceVersionDate "2010.11.25"]
[SourceQuality "1"]

1. d4 e6 2. Nf3 Nf6 3. c3 d5 4. Bf4 b6 5. e3 Bb7 6. Bd3 Nbd7 7. Nbd2 Be7 8. Ne5 a6 9. Qf3 c5 10. Qg3 Nh5 11. Qf3 Nxf4 12. Qxf4 f6 13. Nxd7 Qxd7 14. Qh4 0-0-0 15. Qg4 g5 16. b3 h5 17. Qe2 b5 18. c4 dxc4 19. bxc4 cxd4 20. cxb5 dxe3 21. Qxe3 Qxd3 22. Qxe6+ Kb8 23. Nb3 Bb4+ 0-1

[Event "GER-ch U12"]
[Site "Willingen"]
[Date "2009.06.03"]
[Round "7"]
[White "Jermann, Isabel"]
[Black "Knopf, Felix"]
[Result "1/2-1/2"]
[WhiteElo "1328"]
[BlackElo "1741"]
[PlyCount "74"]
[EventDate "2009.05.30"]
[EventType "swiss"]
[EventRounds "11"]
[EventCountry "GER"]
[SourceTitle "EXT 2010"]
[Source "ChessBase"]
[SourceDate "2010.11.25"]
[SourceVersion "1"]
[SourceVersionDate "2010.11.25"]
[SourceQuality "1"]

1. d4 d5 2. c3 Nf6 3. g3 Bf5 4. Nf3 c5 5. dxc5 e6 6. Be3 Nc6 7. Bg2 Ne4 8. Nd4 Bg6 9. Nb3 Be7 10. 0-0 0-0 11. N1d2 Rc8 12. Nxe4 Bxe4 13. Bxe4 dxe4 14. Qc2 f5 15. Rad1 Qc7 16. Rd2 e5 17. f4 exf3 18. Rxf3 f4 19. gxf4 exf4 20. Bd4 Ne5 21. Bxe5 Qxe5 22. Rd7 Bxc5+ 23. Nxc5 Qxc5+ 24. Kh1 Rf6 25. Qb3+ Kh8 26. Qxb7 Rg6 27. Rf1 Rf8 28. Rf7 h6 29. Rxf8+ Qxf8 30. Qxa7 Qe8 31. Qf2 Qa8+ 32. Qf3 Qxa2 33. Qxf4 Qxb2 34. Qe3 Qb7+ 35. Qf3 Qb6 36. Qe4 Qd6 37. Qf3 Qb6 1/2-1/2

[Event "GER-ch U12"]
[Site "Willingen"]
[Date "2009.05.30"]
[Round "1"]
[White "Jermann, Isabel"]
[Black "Imcke, Patrick"]
[Result "0-1"]
[WhiteElo "1328"]
[BlackElo "1711"]
[PlyCount "72"]
[EventDate "2009.05.30"]
[EventType "swiss"]
[EventRounds "11"]
[EventCountry "GER"]
[SourceTitle "EXT 2010"]
[Source "ChessBase"]
[SourceDate "2010.11.25"]
[SourceVersion "1"]
[SourceVersionDate "2010.11.25"]
[SourceQuality "1"]

1. c4 e5 2. g3 Nf6 3. Bg2 Bc5 4. Nc3 0-0 5. d3 Nc6 6. Bg5 Bxf2+ 7. Kf1 Bc5 8. Nf3 Be7 9. Be3 d6 10. a3 a5 11. Nd5 Be6 12. Nxf6+ Bxf6 13. Rb1 d5 14. cxd5 Bxd5 15. Kf2 Nd4 16. Re1 Bb3 17. Qc1 Nc2 18. Rf1 Re8 19. Ne1 Nxe3 20. Qxe3 e4 21. dxe4 Bd4 22. Nd3 Bxe3+ 23. Kxe3 Bc2 24. Rbc1 Bxd3 25. exd3 Qd6 26. Rc2 Rad8 27. Rd1 f5 28. Rdd2 fxe4 29. Bxe4 Qd4+ 30. Ke2 c6 31. Rc1 Rf8 32. Kd1 Rf1+ 33. Kc2 Rxc1+ 34. Kxc1 Rf8 35. Kb1 Rf2 36. Rd1 Qxb2# 0-1

[Event "GER-chT U14 Girls"]
[Site "Dittrichshuette"]
[Date "2008.12.30"]
[Round "7.3"]
[White "Jermann, Isabel"]
[Black "Winkelmann, Elise"]
[Result "0-1"]
[WhiteElo "1259"]
[BlackElo "944"]
[PlyCount "60"]
[EventDate "2008.12.27"]
[EventType "team-swiss"]
[EventRounds "7"]
[EventCountry "GER"]
[SourceTitle "EXT 2010"]
[Source "ChessBase"]
[SourceDate "2010.11.25"]
[SourceVersion "1"]
[SourceVersionDate "2010.11.25"]
[SourceQuality "1"]
[WhiteTeam "Vaterstetten"]
[BlackTeam "Dresden Gruen Weiss"]
[WhiteTeamCountry "GER"]
[BlackTeamCountry "GER"]

1. d4 d5 2. Bf4 Nf6 3. e3 c5 4. c3 Nc6 5. Bd3 Qb6 6. Qc1 cxd4 7. exd4 e6 8. Nf3 Be7 9. Nbd2 0-0 10. 0-0 Re8 11. Ne5 Bd6 12. Ndf3 Nh5 13. Bg3 Nxg3 14. hxg3 f6 15. Nxc6 Qxc6 16. Qc2 g6 17. Nh4 e5 18. dxe5 fxe5 19. f3 e4 20. fxe4 dxe4 21. Qf2 Bc5 22. Bc4+ Kg7 23. Bb3 Bxf2+ 24. Rxf2 e3 25. Rf7+ Kh8 26. Raf1 Bg4 27. Nf3 Bxf3 28. R7xf3 e2 29. Re1 Qd6 30. Bc4 Qc5+ 0-1

[Event "GER-ch U12"]
[Site "Willingen"]
[Date "2008.05.12"]
[Round "3"]
[White "Stolberg, Daniel"]
[Black "Jermann, Isabel"]
[Result "1-0"]
[WhiteElo "1372"]
[BlackElo "1146"]
[PlyCount "113"]
[EventDate "2008.05.11"]
[EventType "swiss"]
[EventRounds "11"]
[EventCountry "GER"]
[SourceTitle "CBM 124 Extra"]
[Source "ChessBase"]
[SourceDate "2008.07.03"]
[SourceVersion "1"]
[SourceVersionDate "2008.07.03"]
[SourceQuality "1"]

1. d4 d5 2. c4 c6 3. cxd5 cxd5 4. Nc3 Nf6 5. Nf3 Bf5 6. Qb3 Qd7 7. Ne5 Qc7 8. Nxd5 Nxd5 9. Qxd5 e6 10. Qb5+ Nd7 11. Qxd7+ Qxd7 12. Nxd7 Kxd7 13. Bd2 Be7 14. e3 a6 15. Be2 Rhd8 16. Bf3 Rab8 17. Rc1 Bd6 18. e4 Bg6 19. 0-0 Ke8 20. e5 Be7 21. Be3 Rd7 22. a3 Bd3 23. Rfd1 Bb5 24. h3 Ba4 25. Rd3 Bb5 26. Rdc3 Kd8 27. Rd1 b6 28. d5 exd5 29. Rxd5 Rxd5 30. Bxd5 Ke8 31. Bf4 Rd8 32. Bb3 Bc5 33. Bg5 Rd7 34. Bc1 Bd4 35. Rc8+ Ke7 36. Bg5+ f6 37. exf6+ Bxf6 38. Bxf6+ Kxf6 39. Rf8+ Kg6 40. Bc2+ Bd3 41. Rc8 h6 42. Bxd3+ Rxd3 43. Rc6+ Kh7 44. Rxb6 Rd1+ 45. Kh2 Rd2 46. f3 a5 47. b4 axb4 48. axb4 Rb2 49. Kg3 g5 50. b5 Kg7 51. Rb7+ Kf6 52. Rb6+ Kf7 53. Rxh6 Rxb5 54. h4 Kg7 55. Rh5 gxh4+ 56. Rxh4 Rg5+ 57. Rg4 1-0

[Event "GER-chT U14 Girls"]
[Site "Stuttgart"]
[Date "2007.12.30"]
[Round "7.2"]
[White "Jermann, Isabel"]
[Black "Polert, Annika"]
[Result "0-1"]
[WhiteElo "977"]
[BlackElo "1181"]
[PlyCount "94"]
[EventDate "2007.12.27"]
[EventType "team-swiss"]
[EventRounds "7"]
[EventCountry "GER"]
[SourceTitle "EXT 2009"]
[Source "ChessBase"]
[SourceDate "2008.11.26"]
[SourceVersion "1"]
[SourceVersionDate "2008.11.26"]
[SourceQuality "1"]
[WhiteTeam "Vaterstetten SC U14 Girls"]
[BlackTeam "Harksheide U14 Girls"]
[WhiteTeamCountry "GER"]
[BlackTeamCountry "GER"]

1. d4 e6 2. Bf4 d5 3. e3 c5 4. c3 Nc6 5. Nf3 Qb6 6. Qb3 Qxb3 7. axb3 Nf6 8. Bb5 Bd7 9. Nbd2 Be7 10. h3 0-0 11. 0-0 Rfd8 12. Ra2 a6 13. Bxc6 Bxc6 14. Ne5 Bd7 15. Ndf3 Ne4 16. c4 f6 17. Nxd7 Rxd7 18. Rfa1 g5 19. Bh2 h5 20. Ra4 g4 21. hxg4 hxg4 22. Nh4 Nd2 23. R1a3 cxd4 24. Ra1 Nxb3 25. Rd1 Bc5 26. exd4 Bxd4 27. Rb4 dxc4 28. Rxc4 Bxf2+ 29. Kxf2 Rxd1 30. Rxg4+ Kf7 31. Rb4 Rd2+ 32. Kg3 Rxb2 33. Rxb7+ Kg8 34. Ng6 a5 35. Ne7+ Kf8 36. Ng6+ Ke8 37. Re7+ Kd8 38. Rxe6 a4 39. Rxf6 Re2 40. Nf4 Re8 41. Kh4 a3 42. Rd6+ Kc8 43. Rc6+ Kb7 44. Rd6 a2 45. Rd7+ Kc8 46. Rd1 a1Q 47. Rxa1 Rxa1 0-1

[Event "GER-chT U14 Girls"]
[Site "Stuttgart"]
[Date "2007.12.28"]
[Round "4.2"]
[White "Jermann, Isabel"]
[Black "Nguyen Minh, Thuy"]
[Result "0-1"]
[WhiteElo "977"]
[BlackElo "1733"]
[PlyCount "78"]
[EventDate "2007.12.27"]
[EventType "team-swiss"]
[EventRounds "7"]
[EventCountry "GER"]
[SourceTitle "EXT 2009"]
[Source "ChessBase"]
[SourceDate "2008.11.26"]
[SourceVersion "1"]
[SourceVersionDate "2008.11.26"]
[SourceQuality "1"]
[WhiteTeam "Vaterstetten SC U14 Girls"]
[BlackTeam "Chemnitz USG U14 Girls"]
[WhiteTeamCountry "GER"]
[BlackTeamCountry "GER"]

1. d4 Nf6 2. Bf4 e6 3. e3 Be7 4. c4 0-0 5. Nc3 b6 6. Qf3 d5 7. Bd3 Bb7 8. Qh3 dxc4 9. Bxc4 c5 10. Rd1 Qc8 11. Nf3 cxd4 12. Rxd4 Bc5 13. Rd2 Bb4 14. Ne5 Bxc3 15. bxc3 b5 16. Bxb5 Qxc3 17. Bc4 Ne4 18. 0-0 Nxd2 19. Bd3 Be4 20. Bxe4 Nxe4 21. Qf3 f5 22. h3 Rd8 23. Rd1 Nc6 24. Nxc6 Rxd1+ 25. Qxd1 Qxc6 26. Be5 Qd5 27. Qa1 Rd8 28. Qb2 Qd2 29. Bxg7 Qxb2 30. Bxb2 Rd1+ 31. Kh2 Nxf2 32. Bd4 a6 33. g3 Rd2 34. a3 Ne4+ 35. Kg1 Nxg3 36. Bc5 Ne4 37. Bd4 Rd3 38. Kg2 Rxa3 39. Kf3 a5 0-1